Všeobecná definícia medzinárodného terorizmu
Vývoj snáh o definíciu terorizmu. Potreba definície. Všeobecný dohovor proti terorizmu. Základné prvky právnej definície teroristického trestného činu.
Salvato in:
| Autore principale: | |
|---|---|
| Natura: | Capitolo di libro |
| Lingua: | slovacco |
| Soggetti: | |
| Tags: |
Nessun Tag, puoi essere il primo ad aggiungerne!!
|
MARC
| LEADER | 00000naa$a2200000$$$4500 | ||
|---|---|---|---|
| 001 | 0102253 | ||
| 005 | 20221207083556.8 | ||
| 041 | 0 | |a slo | |
| 044 | |a SK | ||
| 245 | 1 | 0 | |a Všeobecná definícia medzinárodného terorizmu |c Roberta Schronková |
| 520 | |a Vývoj snáh o definíciu terorizmu. Potreba definície. Všeobecný dohovor proti terorizmu. Základné prvky právnej definície teroristického trestného činu. | ||
| 610 | 2 | 0 | |a terorizmus |
| 610 | 2 | 0 | |a definície |
| 100 | 1 | |a Schronková, Roberta | |